| 000 | 00362nam a22001457a 4500 | ||
|---|---|---|---|
| 003 | LC | ||
| 005 | 20170311084128.0 | ||
| 008 | 170311b xxu||||| |||| 00| 0 eng d | ||
| 020 | _a9780062382337 | ||
| 050 | _aPZ 7 .R7375 2014 | ||
| 100 | _aRoth, Veronica | ||
| 245 |
_a Four : _ba Divergent collection / _cVeronica Roth |
||
| 650 | _aDystopia | ||
| 942 |
_2lcc _cBK |
||
| 999 |
_c317074 _d317074 |
||